000 00636nam a2200205Ia 4500
003 GCL
008 140319s9999 xx 000 0 ara d
040 _aGCL /
_cGCL
082 0 4 _a191
_bع ا
100 1 _aعبدالرحمن بدوى
245 1 0 _aالانسانية والوجودية في الفكر العربى /
_cعبدالرحمن بدوى
260 _a[S.N] :
_bدار القلم للتراث ،
_c1982
300 _a198 ص
490 _a
650 0 4 _aالفلسفة الاسلامية
650 0 4 _aالتصوف الاسلامى
650 0 4 _aفلسفة
650 0 4 _aالفكر الاسلامى
942 _2ddc
_cBK
999 _c31261
_d31261